000 00496nam a2200181Ia 4500
005 20250618113525.0
008 231207s9999 xx 000 0 und d
020 _a9780485120707
040 _cPK-LaNCA
082 _a791.43
_bDEL
100 _aDeleuze, Gilles
245 0 _aCinema 2 : the time image
_cGilles Deleuze
260 _bThe University of Minnesota Press
_aMinneapolis
_c1997
300 _axviii, 344p
546 _aEnglish
650 _aCinema, Motion pictures
942 _cM.PHIL.
999 _c12050
_d12050